00718nam a2200241 a 4500001001300000003000900013005001700022008004100039020001000080082001600090100002200106245006500128260004300193300000900236500003500245505001000280650001800290700002200308902000800330942000700338952011600345999001500461nice12345678IN_TiNIC20260116011421.0050524s1927 lona grp 000 0 eng  ac10000a297.09bTOY aToynbee, Arnold J aSurvey of International Affairs 1925 Vol.1 the Islamic World aLondonbOxford University Press c1927 a611p aincludes index and biblioraphy2 aIndex aIslam-History1 aToynbee, Arnold J bSRS cBK 001040708StackRoom-aHMIbHMId2007-07-25g100.00l0o297.09 TOYp00286r2007-07-25v100.00w2005-05-24yBK c1347d1347